Cities in Nebraska by picture - Statistics

General Stats
  • This quiz has been taken 15 times
  • The average score is 4 of 16
Answer Stats
Picture Answer % Correct
Lincoln
100%
Omaha
100%
Kearny
42%
Hastings
33%
Scottsbluff
25%
Beatrice
17%
Fremont
17%
Papillion
17%
Alliance
8%
Blair
8%
Crete
8%
Lexington
8%
South Sioux City
8%
Colombus
0%
Gering
0%
Seward
0%
No matching quizzes found
Score Distribution
Percent of People with Each Score
Percentile by Number Answered
Your Score History
You have not taken this quiz